Minnesota Counties by Population - Statistics

General Stats
  • This quiz has been taken 104 times
  • The average score is 34 of 87
Answer Stats
Population County % Correct
1,278,869 Hennepin
98%
550,321 Ramsey
98%
429,021 Dakota
96%
356,921 Anoka
88%
262,440 Washington
84%
199,070 St. Louis
82%
158,293 Olmsted
73%
161,075 Stearns
71%
149,013 Scott
69%
105,089 Carver
67%
138,377 Wright
63%
67,653 Blue Earth
57%
64,222 Clay
53%
66,972 Rice
53%
97,238 Sherburne
53%
50,484 Winona
51%
58,746 Otter Tail
49%
65,055 Crow Wing
43%
46,340 Goodhue
43%
47,188 Beltrami
37%
56,579 Chisago
37%
5,376 Cook
37%
40,596 Isanti
37%
3,771 Lake of the Woods
37%
45,130 Itasca
35%
43,199 Kandiyohi
35%
40,062 Mower
35%
34,274 Nicollet
35%
40,889 Benton
33%
38,141 Douglas
33%
5,677 Lincoln
33%
5,501 Mahnomen
33%
35,893 McLeod
33%
33,064 Morrison
33%
31,364 Polk
33%
3,311 Traverse
33%
34,011 Becker
31%
35,871 Carlton
31%
13,801 Faribault
31%
30,281 Freeborn
31%
18,600 Houston
31%
4,311 Kittson
31%
12,515 Koochiching
31%
6,719 Lac qui Parle
31%
10,641 Lake
31%
25,474 Lyon
31%
4,015 Red Lake
31%
9,402 Rock
31%
36,649 Steele
31%
15,834 Aitkin
29%
4,996 Big Stone
29%
25,008 Brown
29%
29,779 Cass
29%
11,953 Chippewa
29%
8,821 Clearwater
29%
11,299 Cottonwood
29%
20,934 Dodge
29%
5,935 Grant
29%
21,019 Hubbard
29%
9,954 Jackson
29%
16,089 Kanabec
29%
28,887 Le Sueur
29%
9,372 Marshall
29%
19,683 Martin
29%
23,105 Meeker
29%
8,296 Murray
29%
21,629 Nobles
29%
6,520 Norman
29%
14,183 Pennington
29%
29,223 Pine
29%
9,191 Pipestone
29%
11,048 Pope
29%
15,261 Redwood
29%
15,361 Roseau
29%
9,789 Stevens
29%
9,359 Swift
29%
24,494 Todd
29%
21,627 Wabasha
29%
13,654 Wadena
29%
18,740 Waseca
29%
10,972 Watonwan
29%
6,207 Wilkin
29%
9,814 Yellow Medicine
29%
21,067 Fillmore
27%
26,277 Mille Lacs
27%
14,652 Renville
27%
14,892 Sibley
27%
No matching quizzes found
Score Distribution
Percent of People with Each Score
Percentile by Number Answered
Your Score History
You have not taken this quiz